000 00411nam a2200157Ia 4500
008 210716s1986 xx 000 0 und d
020 _a0256033285
041 _aeng
082 _a657.044 WELG
100 _aWelsch, Glenn A;Newman, D Paul;Zlatkovich, Charles T.
245 _aIntermediate accounting.
250 _a7
260 _aIllinois
_bIrwin
_c1986
300 _axxxi,1551
650 _aAccounting(657)
999 _c202212
_d202212